00277nam a22001097a 4500020002200000082001400022100001800036245004600054260004600100300000800146650001300154 a978-0-231-11265-9 a294.5 ECK aEck, Diana L. aDarsan: Seeing the divine image in India aNew YorkbColumbia University Pressc1996 a115 aHinduism